000 03163nam0a2200385 4500
001 RU\NLR\BIBL_A\012693722
005 20250611114940.0
010 _a978-5-7429-1404-4
_9100
021 _aRU
_bКН-П-21-066137
_9КН-П-21-5222
035 _a(NLR Aleph) 012693722
035 _a(RuMoRGB)010816172
090 _a12855537
_c12855537
100 _a20220126d2021 u y0rusy50 ca
101 0 _arus
_alat
102 _aRU
105 _ay j 000zy
181 0 _ai4
_baxxe
182 0 _an
200 1 _aЛуций Целий Фирмиан Лактанций
_eотрывки из трактата "Divinae institutiones" на латинском языке с комментариями и словарем
_eучебно-методическое пособие
_fН. И. Дужина
_gнаучный редактор: канд. филол. наук, доцент Н. А. Кулькова
_gПравославный Свято-Тихоновский гуманитарный университет, Богословский факультет, Кафедра древних языков и древнехристианской письменности
203 _aТекст
_bвизуальный
_cнепосредственный
210 _aМосква
_cПСТГУ
_d2021
215 _a78, [2] с.
_d21
300 _aНа обороте тит. с. авт.: канд. филол. наук, доц. Н. И. Дужина
330 _aУчебное пособие дает возможность познакомиться с одним из памятников раннехристианской апологетической литературы в оригинале. Трудные места в тексте трактата объясняются со ссылками на <Грамматику латинского языка> C. И. Соболевского. Пособие включает словарь, который дан параллельно с текстом, что облегчает чтение последнего. Текст трактата предваряет биография Лактанция, включающая краткое описание исторического фона его жизни и характеристику литературного наследия
488 0 _12001#$aDivinae institutiones
_1700#0$aЛактанций$bЛ. Ц. Ф.$fок.250-ок.325$gЛуций Цецилий Фирмиан$3RU\NLR\AUTH\7711393
_tDivinae institutiones
_aЛактанций, Луций Цецилий Фирмиан (ок.250-ок.325)
606 1 _aАпологетика раннехристианская
_92503418
_3RU\NLR\AUTH\6601699991
606 1 _aЛатинский язык
_jУчебно-методические пособия
_91432540
_3RU\NLR\AUTH\66605608
686 1 _aШ146.1-93рус
686 2 _aЭ371-451,123
700 1 _7ca
_8rus
_aДужина
_bН. И.
_gНаталья Ильинична
_942367
_3RU\NLR\AUTH\7759436
942 _cBOOK
980 _aNB